000
00318nam a22001337a 4500
008
160526b xxu||||| |||| 00| 0 eng d
020
_a
9780073122755
020
_a
9780073122755
020
_a
0073122755
041
_a
eng
080
_a
615
245
_a
Pharmacology an introduction:
_c
Hitner Nagle;
942
_2
udc
_c
BK
999
_c
2432
_d
2432